000 00728nam a2200205 i 4500
001 65275
003 ES-MaACL
005 20230906165334.0
007 t|
008 040112s1982 sp af |||| | spa d
100 1 _aFreeman, W. H.
_952436
245 1 0 _aAtlas de estructura de invertebrados /
_cW.H. Freeman, Brian Bracegirdle ; [traducido por Benjamín Fernández Ruiz, José M. Viéitez Martín].
260 _aMadrid :
_bParaninfo,
_c1982.
300 _aXII, 129 p., 1 h. de lám. :
_bil. ;
_c25 cm.
650 4 _aInvertebrados-
_vAtlas.
_9168006
700 1 _aBracegirdle, Brian.
_931232
700 1 _aFernández Ruiz, Benjamín.
_950053
700 1 _aViéitez Martín, José Manuel.
_9114573
852 _aES-MaACL
_jL-3794
999 _c65275
_d65275